000 00823nam a22001937a 4500
005 20250915150413.0
008 241112b |||||||| |||| 00| 0 eng d
082 _aDPer 647.95 J826 January-December 2021 v. 24 n. 1-6
100 _aTaylor, Jr., Scott.
_963963
245 _aCampus dining goes mobile :
_bintentions of college students to adopt a mobile food-ordering app /
_cScott Taylor, Jr.
260 _aUSA ;
_bTaylor and Francis Group, LLC ,
_cMarch-April 2021.
300 _aVolume 24, pages 121-139 :
_billustration ;
_c26 cm.
500 _aJournal of Foodservice Business Research, vol. 24, no. 2, pages 121-139, March-April 2021.
650 0 _aCampus dining.
_967452
650 0 _aProductivity orientation.
_967453
650 0 _aMobile apps.
_967454
700 _aTaylor, Jr., Scott.
_963963
942 _2ddc
_cPER
999 _c23163
_d23163